[Event "Cologne Longerich op-B 13th"]
[Site "Cologne"]
[Date "2016.08.14"]
[Round "4"]
[White "Reiter, Ute"]
[Black "Hennicken, Arnold"]
[Result "1-0"]
[WhiteElo "1059"]
[BlackElo "1407"]
[PlyCount "99"]
[EventDate "2016.08.12"]
[EventType "swiss"]
[EventRounds "5"]
[EventCountry "GER"]
[SourceTitle "EXT 2022"]
[Source "ChessBase"]
[SourceDate "2021.10.06"]
[SourceVersion "1"]
[SourceVersionDate "2021.10.06"]
[SourceQuality "1"]

1. e4 d6 2. d4 g6 3. Bc4 Nf6 4. Nc3 Bg7 5. e5 dxe5 6. dxe5 Qxd1+ 7. Kxd1 Ng4 8. Nh3 Bxe5 9. f4 Bd6 10. b3 0-0 11. Bb2 Ne3+ 12. Ke2 Nxc4 13. bxc4 Bxh3 14. gxh3 Bxf4 15. Nd5 Bd6 16. Rhe1 e6 17. Nf6+ Kg7 18. Nd7+ f6 19. Nxf8 Bxf8 20. Rad1 Nc6 21. Rd7+ Be7 22. Rxc7 Kf7 23. Rxb7 Rb8 24. Rxb8 Nxb8 25. Rb1 Nc6 26. Kd3 e5 27. a4 f5 28. Bc1 e4+ 29. Ke2 Ke6 30. Be3 g5 31. Rg1 f4 32. Bc1 Nd4+ 33. Kd1 Kf5 34. Rf1 Nf3 35. Rf2 Bc5 36. Ke2 Ng1+ 37. Kf1 Nxh3 38. Rd2 Kg4 39. Rd5 Bb4 40. c5 e3 41. c6 Kf3 42. Bxe3 Ba5 43. Rxa5 fxe3 44. Rf5+ Nf4 45. c7 e2+ 46. Ke1 Ke3 47. Rxf4 gxf4 48. c8Q f3 49. Qc5+ Kf4 50. Kf2 1-0

[Event "Cologne Longerich op-B 13th"]
[Site "Cologne"]
[Date "2016.08.14"]
[Round "5"]
[White "Sewald, Richard"]
[Black "Reiter, Ute"]
[Result "1-0"]
[WhiteElo "1735"]
[BlackElo "1059"]
[PlyCount "63"]
[EventDate "2016.08.12"]
[EventType "swiss"]
[EventRounds "5"]
[EventCountry "GER"]
[SourceTitle "EXT 2022"]
[Source "ChessBase"]
[SourceDate "2021.10.06"]
[SourceVersion "1"]
[SourceVersionDate "2021.10.06"]
[SourceQuality "1"]

1. Nf3 Nc6 2. d3 d5 3. g3 e6 4. Bg2 b6 5. Nc3 Bb7 6. 0-0 Bd6 7. e4 d4 8. Ne2 e5 9. Nd2 Qd7 10. Nc4 0-0-0 11. Nxd6+ Qxd6 12. f4 g6 13. fxe5 Nxe5 14. Bf4 f6 15. a4 a6 16. Qd2 Qc6 17. Bxe5 fxe5 18. b4 Qd6 19. Nc1 Ne7 20. Bh3+ Kb8 21. Nb3 h6 22. b5 c5 23. bxc6 Qxc6 24. a5 b5 25. Rf7 Qd6 26. Raf1 g5 27. R1f6 Qc7 28. Qb4 Nc6 29. Qc5 Rd6 30. Rxc7 Rxf6 31. Qb6 Nd8 32. Rc8# 1-0

[Event "Cologne Longerich op-B 13th"]
[Site "Cologne"]
[Date "2016.08.12"]
[Round "1"]
[White "Lin, David"]
[Black "Reiter, Ute"]
[Result "1-0"]
[WhiteElo "1401"]
[BlackElo "1059"]
[PlyCount "86"]
[EventDate "2016.08.12"]
[EventType "swiss"]
[EventRounds "5"]
[EventCountry "GER"]
[SourceTitle "EXT 2022"]
[Source "ChessBase"]
[SourceDate "2021.10.06"]
[SourceVersion "1"]
[SourceVersionDate "2021.10.06"]
[SourceQuality "1"]

1. d4 d5 2. c4 dxc4 3. e3 Nf6 4. Bxc4 e6 5. Nf3 Be7 6. 0-0 0-0 7. Nc3 b6 8. b3 Bb7 9. Bb2 c5 10. Ne2 Bxf3 11. gxf3 Qc7 12. Rc1 Rd8 13. Ng3 Nc6 14. f4 Qb7 15. Qf3 Rd7 16. Rfd1 Rad8 17. Bb5 Rc7 18. f5 a6 19. Be2 h6 20. fxe6 fxe6 21. Ba3 cxd4 22. Bxe7 Nxe7 23. Qxb7 Rxb7 24. Bxa6 Rbd7 25. Bc4 Kf7 26. exd4 Rxd4 27. Rxd4 Rxd4 28. Re1 Ned5 29. Kg2 Rg4 30. a4 h5 31. Kf1 Rh4 32. Kg2 g5 33. f3 Rf4 34. Re5 h4 35. Ne4 Ne3+ 36. Kg1 Rxf3 37. Nxg5+ Kg6 38. Nxf3 Nfg4 39. Rxe6+ Kf5 40. Nxh4+ Kf4 41. Ng2+ Kf3 42. Rxe3+ Nxe3 43. Nxe3 Kxe3 1-0

[Event "Cologne Longerich op-B 12th"]
[Site "Cologne"]
[Date "2013.07.20"]
[Round "3"]
[White "Reiter, Ute"]
[Black "Krug, Franz Dieter"]
[Result "1/2-1/2"]
[WhiteElo "1179"]
[BlackElo "1443"]
[PlyCount "94"]
[EventDate "2013.07.19"]
[EventType "tourn"]
[EventRounds "5"]
[EventCountry "GER"]
[SourceTitle "EXT 2017"]
[Source "ChessBase"]
[SourceDate "2016.10.25"]
[SourceVersion "1"]
[SourceVersionDate "2016.10.25"]
[SourceQuality "1"]

1. e4 e5 2. Nf3 d6 3. Bc4 Be7 4. 0-0 h6 5. Re1 Nf6 6. Nc3 c6 7. d4 Qc7 8. d5 b5 9. Bd3 b4 10. Ne2 0-0 11. Ng3 cxd5 12. exd5 Nxd5 13. Be4 Nb6 14. Bxa8 Nxa8 15. Re4 a5 16. Qd5 Bb7 17. Qc4 Qd7 18. Re3 Rc8 19. Qe2 Ba6 20. Qd2 Nb6 21. b3 f5 22. Nf1 f4 23. Re1 Qc6 24. a3 Qxc2 25. Qxc2 Rxc2 26. axb4 axb4 27. Bd2 Nd5 28. Ra5 Nc3 29. Nd4 Ra2 30. Rxa2 Nxa2 31. Ne6 Kf7 32. Nc7 Nc3 33. Nxa6 Nxa6 34. Bxc3 bxc3 35. Rc1 d5 36. Rxc3 Nb4 37. g3 g5 38. g4 Ke6 39. f3 Kd6 40. Rc8 Bf6 41. Rb8 Kc5 42. Nd2 Nc6 43. Rc8 Kd6 44. Kf2 Kd7 45. Rf8 Ke7 46. Rc8 Kd7 47. Rf8 Ke7 1/2-1/2

[Event "Troisdorf op"]
[Site "Troisdorf"]
[Date "2012.12.04"]
[Round "7"]
[White "Guenther, Ralf"]
[Black "Reiter, Ute"]
[Result "0-1"]
[WhiteElo "1419"]
[BlackElo "1171"]
[PlyCount "54"]
[EventDate "2012.10.23"]
[EventType "swiss"]
[EventRounds "7"]
[EventCountry "GER"]
[SourceTitle "EXT 2014"]
[Source "ChessBase"]
[SourceDate "2013.11.20"]
[SourceVersion "1"]
[SourceVersionDate "2013.11.20"]
[SourceQuality "1"]

1. Nf3 Nc6 2. b3 e5 3. Bb2 d6 4. e3 Be6 5. Bb5 Nge7 6. 0-0 a6 7. Be2 Ng6 8. c4 Be7 9. d4 e4 10. d5 exf3 11. Bxf3 Bd7 12. dxc6 Bxc6 13. Bxg7 Rg8 14. Bd4 Nh4 15. Bxc6+ bxc6 16. g3 Qd7 17. Qd3 Qh3 18. Qe4 Kd7 19. f4 Nf5 20. Qg2 Qg4 21. Nd2 h5 22. Ne4 h4 23. Bf6 Nxe3 24. Qf3 Nxf1 25. Qxg4+ Rxg4 26. Kxf1 hxg3 27. h3 Rxf4+ 0-1

[Event "Troisdorf op"]
[Site "Troisdorf"]
[Date "2011.11.22"]
[Round "5"]
[White "Reiter, Ute"]
[Black "Friedrich, Johannes"]
[Result "0-1"]
[WhiteElo "1120"]
[BlackElo "1307"]
[PlyCount "42"]
[EventDate "2011.10.25"]
[EventType "swiss"]
[EventRounds "7"]
[EventCountry "GER"]
[SourceTitle "EXT 2013"]
[Source "ChessBase"]
[SourceDate "2012.11.22"]
[SourceVersion "1"]
[SourceVersionDate "2012.11.22"]
[SourceQuality "1"]

1. e4 e6 2. d4 d5 3. exd5 exd5 4. Nf3 Nf6 5. Be2 Bd6 6. Nc3 0-0 7. Bg5 Bg4 8. Nxd5 Bxf3 9. Nxf6+ gxf6 10. Bh6 Bxe2 11. Bxf8 Bxd1 12. Bxd6 Bxc2 13. Bf4 Qe7+ 14. Kd2 Qe4 15. Be3 Nc6 16. f3 Qd3+ 17. Kc1 Re8 18. b3 Rxe3 19. Kb2 Qc3+ 20. Ka3 Bxb3 21. Rab1 Bxa2+ 0-1

[Event "Cologne Longerich op 6th"]
[Site "Cologne"]
[Date "2009.08.22"]
[Round "2"]
[White "Reiter, Ute"]
[Black "Wassem, Michael"]
[Result "0-1"]
[WhiteElo "1263"]
[BlackElo "1492"]
[PlyCount "74"]
[EventDate "2009.08.21"]
[EventType "swiss"]
[EventRounds "5"]
[EventCountry "GER"]
[SourceTitle "EXT 2012"]
[Source "ChessBase"]
[SourceDate "2011.11.24"]
[SourceVersion "1"]
[SourceVersionDate "2011.11.24"]
[SourceQuality "1"]

1. e4 d5 2. exd5 Qxd5 3. Nc3 Qa5 4. Nf3 c6 5. d4 Bf5 6. Bc4 e6 7. Bd2 Qc7 8. Qe2 Nf6 9. Bd3 Bg6 10. Ne5 Nbd7 11. f4 Nxe5 12. fxe5 Bxd3 13. Qxd3 Nd5 14. a3 Be7 15. Ne4 h6 16. Qf3 Rf8 17. c4 Nb6 18. Ba5 Qd7 19. Bxb6 axb6 20. Rd1 0-0-0 21. Qe3 Bc5 22. Nxc5 bxc5 23. d5 b6 24. Qb3 b5 25. d6 Qb7 26. Rd2 Kd7 27. Qe3 b4 28. Qxc5 bxa3 29. Qxa3 Ra8 30. Qc3 Ra1+ 31. Rd1 Rxd1+ 32. Kxd1 Qa7 33. b3 f5 34. Kd2 Ra8 35. Kd3 f4 36. Rf1 Qe3+ 37. Kc2 Ra2+ 0-1

[Event "Leverkusen-ch op"]
[Site "Leverkusen"]
[Date "2009.01.26"]
[Round "2"]
[White "Schillings, Peter"]
[Black "Reiter, Ute"]
[Result "1-0"]
[WhiteElo "1836"]
[BlackElo "1145"]
[PlyCount "49"]
[EventDate "2009.01.12"]
[EventType "swiss"]
[EventRounds "7"]
[EventCountry "GER"]
[SourceTitle "EXT 2010"]
[Source "ChessBase"]
[SourceDate "2010.11.25"]
[SourceVersion "1"]
[SourceVersionDate "2010.11.25"]
[SourceQuality "1"]

1. e4 e5 2. f4 exf4 3. Nf3 d6 4. d4 Be7 5. Bxf4 Bg4 6. Nc3 c6 7. Bc4 Nd7 8. Qd3 Ngf6 9. Ng5 d5 10. Bb3 Nh5 11. Nxf7 Nxf4 12. Qf1 Qc7 13. e5 0-0 14. Qxf4 Bh5 15. Nh6+ Kh8 16. Nf5 Rf7 17. 0-0 Raf8 18. g4 Bg6 19. e6 Qxf4 20. Rxf4 Bg5 21. Rff1 Rxf5 22. gxf5 Bxf5 23. exd7 Be3+ 24. Kg2 Bxd4 25. Rxf5 1-0

[Event "Troisdorf op"]
[Site "Troisdorf"]
[Date "2008.11.11"]
[Round "5"]
[White "Reiter, Ute"]
[Black "Burmeister, Markus"]
[Result "0-1"]
[WhiteElo "1161"]
[BlackElo "1642"]
[PlyCount "32"]
[EventDate "2008.10.14"]
[EventType "swiss"]
[EventRounds "7"]
[EventCountry "GER"]
[SourceTitle "EXT 2011"]
[Source "ChessBase"]
[SourceDate "2010.11.26"]
[SourceVersion "1"]
[SourceVersionDate "2010.11.26"]
[SourceQuality "1"]

1. e4 e5 2. Nf3 Nc6 3. Bc4 Nf6 4. d3 Be7 5. a3 d5 6. exd5 Nxd5 7. 0-0 Nb6 8. Ba2 Bg4 9. Nbd2 Qd7 10. Re1 0-0-0 11. Qe2 f6 12. b4 Nd4 13. Qd1 Na4 14. Ne4 Bxf3 15. gxf3 Qh3 16. Ng3 Nc3 0-1

[Event "Leverkusen-ch op"]
[Site "Leverkusen"]
[Date "2008.03.16"]
[Round "6"]
[White "Reiter, Ute"]
[Black "Balduan, Karl Heinz"]
[Result "0-1"]
[WhiteElo "1119"]
[BlackElo "1427"]
[PlyCount "110"]
[EventDate "2008.01.14"]
[EventType "swiss"]
[EventRounds "7"]
[EventCountry "GER"]
[SourceTitle "EXT 2010"]
[Source "ChessBase"]
[SourceDate "2010.11.25"]
[SourceVersion "1"]
[SourceVersionDate "2010.11.25"]
[SourceQuality "1"]

1. e4 e6 2. d4 Bb4+ 3. Bd2 Bxd2+ 4. Nxd2 Ne7 5. Ngf3 0-0 6. Bd3 d6 7. e5 Nec6 8. c3 dxe5 9. Qc2 h6 10. dxe5 b6 11. 0-0-0 Qe8 12. g4 Ba6 13. Be4 Be2 14. Rde1 Bxf3 15. Nxf3 a5 16. h4 Ra7 17. h5 f6 18. Bg6 Qe7 19. exf6 Qxf6 20. Be4 Ne7 21. Rhg1 c5 22. g5 Qf4+ 23. Kb1 Nf5 24. gxh6 Qxh6 25. Ng5 Rf6 26. f3 Re7 27. Rd1 Rd7 28. Rxd7 Nxd7 29. Qd2 Nf8 30. Kc2 Qxh5 31. f4 Qe8 32. Rh1 Rh6 33. Re1 Qa4+ 34. Kb1 Qd7 35. Rd1 Qxd2 36. Rxd2 Ne3 37. Rd6 Nc4 38. Rd3 e5 39. f5 Nd6 40. Bd5+ Kh8 41. Re3 Rh5 42. Ne6 Nd7 43. Rg3 Nxf5 44. Rg5 Rxg5 45. Nxg5 Nd6 46. Kc2 g6 47. Kd3 Kg7 48. c4 Kh6 49. Nf3 g5 50. Be6 e4+ 51. Ke3 exf3 52. Bxd7 Nxc4+ 53. Kxf3 Nxb2 54. Bb5 Nd1 55. a3 Nc3 0-1

[Event "Leverkusen-ch op"]
[Site "Leverkusen"]
[Date "2008.02.11"]
[Round "3"]
[White "Heller, Helmut"]
[Black "Reiter, Ute"]
[Result "1-0"]
[WhiteElo "1486"]
[BlackElo "1119"]
[PlyCount "48"]
[EventDate "2008.01.14"]
[EventType "swiss"]
[EventRounds "7"]
[EventCountry "GER"]
[SourceTitle "EXT 2010"]
[Source "ChessBase"]
[SourceDate "2010.11.25"]
[SourceVersion "1"]
[SourceVersionDate "2010.11.25"]
[SourceQuality "1"]

1. Nf3 d6 2. d4 e6 3. c4 Nf6 4. Nc3 b6 5. Bg5 Bb7 6. e3 Be7 7. Bd3 h6 8. Bh4 Nbd7 9. h3 c5 10. Bg3 0-0 11. 0-0 a6 12. a3 Re8 13. Bc2 d5 14. b3 Nf8 15. Re1 Ng6 16. Bxg6 fxg6 17. Ne5 g5 18. f4 Nh7 19. Rf1 dxc4 20. bxc4 Rf8 21. Ng6 Rf7 22. Ne2 Bf6 23. Rb1 Qd6 24. fxg5 Nxg5 1-0

[Event "Leverkusen-ch op"]
[Site "Leverkusen"]
[Date "2008.01.28"]
[Round "2"]
[White "Reiter, Ute"]
[Black "Witte, Volker"]
[Result "0-1"]
[WhiteElo "1119"]
[BlackElo "1673"]
[PlyCount "64"]
[EventDate "2008.01.14"]
[EventType "swiss"]
[EventRounds "7"]
[EventCountry "GER"]
[SourceTitle "EXT 2010"]
[Source "ChessBase"]
[SourceDate "2010.11.25"]
[SourceVersion "1"]
[SourceVersionDate "2010.11.25"]
[SourceQuality "1"]

1. e4 c6 2. d4 d5 3. Nc3 dxe4 4. Nxe4 Bf5 5. Nc3 e6 6. Be3 Nf6 7. h3 Bb4 8. Nge2 Ne4 9. a3 Bxc3+ 10. Nxc3 Nxc3 11. bxc3 Qa5 12. Bd2 Nd7 13. c4 Qc7 14. c5 Nf6 15. g4 Be4 16. Rg1 Qh2 17. Rg3 Bd5 18. Bd3 0-0-0 19. Be3 h5 20. Bf1 h4 21. g5 hxg3 22. gxf6 g2 23. fxg7 gxf1Q+ 24. Kxf1 Qg2+ 25. Ke1 Qxg7 26. Kd2 Rxh3 27. c3 Rh1 28. Qxh1 Bxh1 29. Rxh1 Rh8 30. Rb1 Qg2 31. a4 Qd5 32. a5 Qa2+ 0-1

[Event "Leverkusen-ch op"]
[Site "Leverkusen"]
[Date "2007.01.08"]
[Round "1"]
[White "Reiter, Ute"]
[Black "Wirths, Clara"]
[Result "0-1"]
[WhiteElo "1090"]
[BlackElo "1939"]
[PlyCount "68"]
[EventDate "2007.01.08"]
[EventType "swiss"]
[EventRounds "7"]
[EventCountry "GER"]
[SourceTitle "EXT 2008"]
[Source "ChessBase"]
[SourceDate "2007.11.25"]
[SourceVersion "1"]
[SourceVersionDate "2007.11.25"]
[SourceQuality "1"]

1. e4 c5 2. Nf3 d6 3. d4 cxd4 4. Nxd4 Nf6 5. Nc3 a6 6. Bc4 e6 7. 0-0 b5 8. Bd3 Bb7 9. Re1 Nbd7 10. Bg5 Be7 11. f4 Qb6 12. Nce2 e5 13. fxe5 dxe5 14. Be3 exd4 15. Nxd4 Bc5 16. c3 0-0 17. Qd2 Ng4 18. b4 Bxd4 19. Bxd4 Qc7 20. g3 Nge5 21. Kf2 Nxd3+ 22. Qxd3 Ne5 23. Bxe5 Qxe5 24. Rad1 Rac8 25. Rc1 Rc4 26. Qd7 Bxe4 27. Rcd1 Qxc3 28. Rxe4 Rxe4 29. Qd5 Qf6+ 30. Kg2 Re2+ 31. Kh3 Qf2 32. Qh1 Qf5+ 33. g4 Re3+ 34. Kh4 g5+ 0-1

[Event "Troisdorf op"]
[Site "Troisdorf"]
[Date "2006.11.14"]
[Round "4"]
[White "Bonus, Christian"]
[Black "Reiter, Ute"]
[Result "1-0"]
[WhiteElo "1427"]
[BlackElo "1074"]
[PlyCount "109"]
[EventDate "2006.10.24"]
[EventType "swiss"]
[EventRounds "7"]
[EventCountry "GER"]
[SourceTitle "EXT 2011"]
[Source "ChessBase"]
[SourceDate "2010.11.26"]
[SourceVersion "1"]
[SourceVersionDate "2010.11.26"]
[SourceQuality "1"]

1. d4 d5 2. Nf3 Nf6 3. e3 Nc6 4. c4 b6 5. Bd3 e6 6. 0-0 Bd6 7. cxd5 exd5 8. Nc3 Be6 9. Bd2 0-0 10. Rc1 Ne7 11. Re1 c6 12. Ne5 Bxe5 13. dxe5 Nd7 14. f4 Nc5 15. Bb1 Bf5 16. e4 dxe4 17. Nxe4 Qd4+ 18. Nf2 Rad8 19. Be3 Qxd1 20. Rexd1 Rd5 21. b4 Rxd1+ 22. Rxd1 Ne6 23. a3 Bxb1 24. Rxb1 Nf5 25. Bd2 Rd8 26. Ne4 Ned4 27. Kf2 g6 28. a4 a6 29. g4 Ne7 30. Be3 Ne6 31. Bxb6 Rb8 32. Nf6+ Kg7 33. Be3 Nd5 34. Nxd5 cxd5 35. f5 d4 36. fxe6 dxe3+ 37. Kxe3 Re8 38. exf7 Rxe5+ 39. Kd4 Re7 40. Rf1 Kf8 41. b5 axb5 42. axb5 Re2 43. b6 Rb2 44. Kc5 Rc2+ 45. Kb5 Rb2+ 46. Kc6 Rc2+ 47. Kb7 Rb2 48. h4 Rb4 49. h5 Rxg4 50. hxg6 hxg6 51. Rf6 g5 52. Kc7 Rc4+ 53. Rc6 Re4 54. b7 Re7+ 55. Kb6 1-0

[Event "Troisdorf op"]
[Site "Troisdorf"]
[Date "2005.11.29"]
[Round "6.22"]
[White "Reiter, Ute"]
[Black "Kamphausen, Johannes Dieter"]
[Result "0-1"]
[WhiteElo "1067"]
[BlackElo "1775"]
[PlyCount "58"]
[EventDate "2005.10.18"]
[EventType "swiss"]
[EventRounds "7"]
[EventCountry "GER"]
[SourceTitle "EXT 2006"]
[Source "ChessBase"]
[SourceDate "2005.11.24"]
[SourceVersion "1"]
[SourceVersionDate "2005.11.24"]
[SourceQuality "1"]

1. e4 e5 2. Nf3 Nf6 3. Bc4 Nxe4 4. Nxe5 d5 5. Bb3 Nf6 6. Nf3 Be7 7. 0-0 0-0 8. d4 Ne4 9. h3 Bf5 10. Be3 c6 11. c3 Nd7 12. Bc2 Bg6 13. Nbd2 f5 14. Bf4 Bh5 15. Qc1 Nxd2 16. Nxd2 g5 17. Be5 Nxe5 18. dxe5 g4 19. Qb1 gxh3 20. Bxf5 hxg2 21. Be6+ Kh8 22. Re1 Bc5 23. Bf5 Qh4 24. Kxg2 Qxf2+ 25. Kh3 Rxf5 26. Rf1 Qe3+ 27. Kh4 Qg5+ 28. Kh3 Qg4+ 29. Kh2 Qh4+ 0-1